00680 2200241 4500001002100000005001500021035002000036007000300056008004100059020002200100082001000122084001600132100002000148245008700168250001000255260003800265300003700303650002600340700002400366520002600390990001100416990001100427INLIS00000000000336020090102122523 a0010-0109000023ta090102 g 0 ind  a978-602-6563-45-3 a641.5 a641.5 REV d0 aREVA, Divantary1 a212 Menu Makanan Favorite dan Trendy /cReva Divantary; editor, Intan Dewi Nuraini acet.1 a[s.l] :bSenja Media Utama,c2017 axvi, 241 hlm. :bilus. ;c21 cm. 4aMAKANAN.RESEP MASAKAN0 aINTAN, Dewi Nuraini aBibliografi: hlm. 241 a6605 a a6605 b